Aportaciones a la historia del turismo en España (Record no. 16943)

MARC details
000 -LEADER
campo de control de longitud fija 00941nam a2200241 i 4500
001 - NÚMERO DE CONTROL
campo de control 16943
003 - IDENTIFICADOR DE NÚMERO DE CONTROL
campo de control ES-MaACL
005 - FECHA Y HORA DE LA ÚLTIMA TRANSACCIÓN
campo de control 20250827052323.0
007 - CAMPO FIJO DE DESCRIPCIÓN FÍSICA--INFORMACIÓN GENERAL
campo de control de longitud fija t|
008 - DATOS DE LONGITUD FIJA--INFORMACIÓN GENERAL
campo de control de longitud fija 001124s1956 sp f |||| | spa d
080 ## - NÚMERO DE LA CLASIFICACIÓN DECIMAL UNIVERSAL
Número de la Clasificación Decimal Universal 338.48(460)(091)
080 ## - NÚMERO DE LA CLASIFICACIÓN DECIMAL UNIVERSAL
Número de la Clasificación Decimal Universal 910.4(460)"14/18"
100 1# - ENTRADA PRINCIPAL--NOMBRE DE PERSONA
Nombre de persona Fernández Álvarez, Manuel,
Fechas asociadas al nombre 1921-2010
9 (RLIN) 49458
245 10 - MENCIÓN DEL TÍTULO
Título Aportaciones a la historia del turismo en España
Resto del título : relatos de viaje desde el Renacimiento hasta el Romanticismo /
Mención de responsabilidad, etc. Manuel Fernández Alvarez.
260 ## - PUBLICACIÓN, DISTRIBUCIÓN, ETC.
Lugar de publicación, distribución, etc. Madrid :
Nombre del editor, distribuidor, etc. Secretaría General del Ministerio de Información,
Fecha de publicación, distribución, etc. 1956.
300 ## - DESCRIPCIÓN FÍSICA
Extensión XII, 191 p. 12 h. de lám. ;
Dimensiones 19 cm.
650 14 - PUNTO DE ACCESO ADICIONAL DE MATERIA--TÉRMINO DE MATERIA
Término de materia o nombre geográfico como elemento de entrada Turismo-
Subdivisión geográfica España-
Subdivisión de forma Historia.
9 (RLIN) 17670
650 #4 - PUNTO DE ACCESO ADICIONAL DE MATERIA--TÉRMINO DE MATERIA
Término de materia o nombre geográfico como elemento de entrada Literatura de viajes-
Subdivisión general Historia y crítica.
9 (RLIN) 138562
650 #7 - PUNTO DE ACCESO ADICIONAL DE MATERIA--TÉRMINO DE MATERIA
Término de materia o nombre geográfico como elemento de entrada Viajes-
Subdivisión general En la literatura
Fuente del encabezamiento o término
9 (RLIN) 151280
710 1# - ENTRADA AGREGADA--NOMBRE DE ENTIDAD CORPORATIVA
Nombre de entidad corporativa o nombre de jurisdicción como elemento de entrada España.
Unidad subordinada Ministerio de Información y Turismo
9 (RLIN) 3886
852 ## - LOCALIZACIÓN
Ubicación ES-MaACL
Número de control de estantería G-3253
Holdings
Estatus retirado Estado de pérdida Estado de daño No para préstamo Biblioteca de origen Biblioteca actual Ubicación en estantería Fecha de adquisición Fuente de adquisición Total de préstamos Signatura topográfica completa Código de barras Visto por última vez Precio de reemplazo Tipo de ítem Koha
        Biblioteca del Ateneo de Madrid Biblioteca del Ateneo de Madrid Depósito 2 17/01/2008     G-3253 1017209 23/02/2023 23/02/2023 Libro impreso